Missing Word: TV Shows with 'G' Quiz Stats

 Plays Quiz Updated Mar 29, 2012

Support Sporcle.
Go Orange.
Score 0/20 Timer 02:00
0 Plays Today
Television Show Missing Word % Correct
I've ___ a SecretGot
94.8%
Star Trek: The Next __________Generation
92.5%
Will and _____Grace
89.9%
_______ PainsGrowing
89.9%
The _____ WifeGood
88.5%
_____ WhispererGhost
87.5%
Battlestar _________Galactica
84.7%
_____ AcresGreen
83.2%
__________ IslandGilligan's
82.9%
National __________ ExplorerGeographic
81.8%
Television Show Missing Word % Correct
The Andy ________ Show Griffith
80.9%
______ LopezGeorge
78.6%
The Fall ___Guy
62.7%
All _____ UpGrown
61.2%
Land of the ______Giants
46.8%
The Jackie _______ ShowGleason
46.2%
______ BenGentle
44.7%
Lou _____Grant
42.2%
Disney's Adventures of the _____ Bears Gummi
27.5%
Bubble _______Guppies
15.2%

Today's Daily Dose

Missing Word
'80s Musicals

Word Ladder
Hereditary

Get the Picture
Food Names

From the Vault

US States Without 'S' Minefield

by goc3

Would that make it the United Tate of America?
Remove Ads.
Support Sporcle.
Get the best of Sporcle when you Go Orange. This ad-free experience offers more features, more stats, and more fun while also helping to support Sporcle. Thank you for becoming a member.

Show Comments

Extras

Top Quizzes Today


Score Distribution

Your Account Isn't Verified!

In order to create a playlist on Sporcle, you need to verify the email address you used during registration. Go to your Sporcle Settings to finish the process.

Report this User

Report this user for behavior that violates our Community Guidelines.

Details: